Biodiversity / (Record no. 616214)

000 -LEADER
fixed length control field 00487nam a22001697a 4500
003 - CONTROL NUMBER IDENTIFIER
control field NUST
005 - DATE AND TIME OF LATEST TRANSACTION
control field 20260216154730.0
008 - FIXED-LENGTH DATA ELEMENTS--GENERAL INFORMATION
fixed length control field 260216b ||||| |||| 00| 0 eng d
020 ## - INTERNATIONAL STANDARD BOOK NUMBER
International Standard Book Number 978-1632920362
082 ## - DEWEY DECIMAL CLASSIFICATION NUMBER
Classification number 333.9516
Author Mark PAT
100 ## - MAIN ENTRY--PERSONAL NAME
Personal name Dorothy Hinshaw Patent, William Munoz.
9 (RLIN) 133252
245 ## - TITLE STATEMENT
Title Biodiversity /
Statement of responsibility, etc. Dorothy Hinshaw Patent, William Munoz.
260 ## - PUBLICATION, DISTRIBUTION, ETC.
Place of publication, distribution, etc. New York:
Name of publisher, distributor, etc. Goodreads Press,
Date of publication, distribution, etc. 2016.
300 ## - PHYSICAL DESCRIPTION
Extent 109 p ;
Dimensions 34.8 cm
563 ## - BINDING INFORMATION
Binding note Hardcover
942 ## - ADDED ENTRY ELEMENTS (KOHA)
Source of classification or shelving scheme
Koha item type Book
Holdings
Withdrawn status Lost status Source of classification or shelving scheme Damaged status Not for loan Permanent Location Current Location Date acquired Total Checkouts Full call number Barcode Date last seen Price effective from Koha item type
          Institute of Geographical Information Systems (IGIS) Institute of Geographical Information Systems (IGIS) 02/16/2026   333.9516 PAT IGIS-202 02/16/2026 02/16/2026 Book
          Institute of Geographical Information Systems (IGIS) Institute of Geographical Information Systems (IGIS) 02/16/2026   333.9516 PAT IGIS-203 02/16/2026 02/16/2026 Book
          Institute of Geographical Information Systems (IGIS) Institute of Geographical Information Systems (IGIS) 02/16/2026   333.9516 PAT IGIS-204 02/16/2026 02/16/2026 Book
          Institute of Geographical Information Systems (IGIS) Institute of Geographical Information Systems (IGIS) 02/16/2026   333.9516 PAT IGIS-571 02/16/2026 02/16/2026 Book
© 2023 Central Library, National University of Sciences and Technology. All Rights Reserved.